| 000 | 00631nam a2200217 i 4500 | ||
|---|---|---|---|
| 001 | 141395 | ||
| 003 | ES-MaACL | ||
| 005 | 20230906200302.0 | ||
| 007 | t| | ||
| 008 | 070921s1984 sp ||||1| spa d | ||
| 100 | 1 |
_aVizcaíno Casas, Fernando. _9115612 |
|
| 245 | 1 | 3 |
_aEl revés del derecho / _cFernando Vizcaíno Casas ; prólogo de Tono. |
| 250 | _a[7ª ed.]. | ||
| 260 |
_a[Barcelona] : _bPlaneta, _c[1984] |
||
| 300 |
_a189 p. ; _c18 cm. |
||
| 490 | 1 |
_aFábula ; _v72 |
|
| 700 | 1 |
_aTono ( _d1896-1978) _9110581 |
|
| 830 | 0 |
_aFábula ; _v72 _9179737 |
|
| 852 |
_aES-MaACL _jL-6493 _bR.107270 |
||
| 999 |
_c141395 _d141395 |
||